Loading...

Humanizing classroom discipline: A behavioural appraoch /

Bibliographic Details
Main Author: Dollar, Barry
Format: Printed Book
Language:English
Published: New York : Harper & Row, 1972.
LEADER 00392nam a2200109Ia 4500
008 150624b xxu||||| |||| 00| 0 eng d
100 |a Dollar, Barry 
245 |a Humanizing classroom discipline:  |b A behavioural appraoch /  |c Barry Dollar 
260 |a New York :  |b Harper & Row,  |c 1972. 
942 |c BK 
999 |c 10425  |d 10425 
952 |0 0  |1 0  |4 0  |7 0  |9 10424  |a UL  |b UL  |c ST1  |d 1998-08-27  |l 0  |p 16426  |r 2012-10-27  |w 2012-10-27  |y BK